000 00394nmm a2200145Ia 4500
008 251105s9999||||xx |||||||||||||||||und||
041 _aspa
100 _aGambín, Begoña
245 0 _a¿Amor o conveniencia?
264 _a[Madrid, España] :
_bEdiciones B,
_c2017
300 _a190 páginas
650 _aRomance
856 _uhttps://public.digitaliapublishing.com/a/54537
942 _cCF
999 _c106416
_d106416